000 00338 a2200157 4500
001 70814
020 _a8536300949
040 _cAnchieta - Itaigara
100 _aNarbona, Juan
240 1 0 _aA linguagem da criança
_lpor
245 1 0 _aA linguagem da criança
300 _a543
362 0 _a2005
650 4 _aEducação
942 _cBK
999 _c70814
_d70814